Estatísticas para Países da Europa

Clique aqui para jogar o quiz

Estatísticas Gerais

  • Esse quiz foi jogado 30 626 vezes
  • A pontuação média é 36 de 45

Respostas no mapa

Respostas codificadas por cores de uma escala verde-vermelha no mapa do quiz de acordo com a % correta abaixo.
Carregando ...
 

Estatísticas das Respostas

País% Correto
Itália
98%
Portugal
98%
Espanha
97%
França
97%
Alemanha
97%
Reino Unido
95%
Suécia
93%
Rússia
93%
Irlanda
93%
Suíça
92%
Grécia
91%
Países
Baixos
90%
Noruega
90%
Finlândia
89%
Bélgica
89%
Dinamarca
88%
Polônia
87%
Islândia
87%
Áustria
83%
Croácia
82%
Ucrânia
81%
Vaticano
81%
Estônia
80%
Lituânia
80%
Letónia
78%
Eslováquia
78%
Bielorrússia
78%
Luxemburgo
77%
Romênia
76%
Hungria
76%
Albânia
75%
Eslovénia
75%
República
Checa
75%
Bulgária
73%
Mônaco
72%
Andorra
72%
Bósnia e
Herzegovina
71%
Malta
71%
Sérvia
70%
Montenegro
67%
Macedónia
do Norte
64%
Kosovo
63%
San Marino
62%
Moldávia
59%
Liechtenstein
55%

Distribuição das Pontuações

Percentil de Números Respondidos

Porcentagem de Pessoas com Cada Pontuação

Sua Pontuação Histórica

Você não jogou esse quiz